Geographie nach Breitengrad - 20°S - Statistiken

Allgemein
  • Dieses Quiz wurde 22 mal gespielt
  • Das Durchschnittsergebnis liegt bei 10 aus 12
Antwortstatistiken
Hint Antwort % Korrekt
4 Bolivien
94%
5 Brasilien
94%
3 Chile
89%
8 Mosambik
89%
7 Namibia
89%
6 Paraguay
89%
10 Australien
83%
9 Botswana
83%
2 Madagaskar
72%
11 Simbabwe
67%
12 (Inselgruppe zugehörig zu) Neuseeland
56%
1 Mauritius
44%
Keine übereinstimmenden Quizze gefunden
Verteilung der Resultate
Anzahl Personen mit jedem Resultat
Perzentil nach korrekt beantworteten Fragen
Ihre Resultats-Entwicklung
Sie haben dieses Quiz noch nicht gespielt